000 01010nam a22001697a 4500
003 NUST
005 20251111115050.0
020 _a978-1-292-22299-8
082 _a621.38152, FLO
100 _4Thomas L. Floyd
245 _aElectronic devices conventional current version
250 _a10 Edition
_bGlobal Edition
260 _aUK
_bPearson
_c2018
300 _a928.Pages
505 _aIntroduction to Semiconductors (Page-1),Diodes and Applications (Page-42), Special-Purpose Diodes (Page-120),Bipolar Junction Transistors (Page-181), Transistor Bias Circuits (Page-234),BJT Amplifiers (Page-273),BJT Power Amplifiers (Page-337),Field-Effect Transistors (FETs) (Page-382),FET Amplifiers and Switching Circuits (Page-452),Amplifier Frequency Response (Page-511),Thyristors (Page-570),The Operational Amplifier (Page-608),Basic Op-Amp Circuits (Page-674),Special-Purpose Integrated Circuits (Page-725), Active Filters (Page-771),Oscillators (Page-814),Voltage Regulators (Page-859).
942 _2ddc
_cBK
999 _c590514
_d590514